Viajes del chino Dagar-Li-Kao por los paises bárbaros de Europa, España, Francia, Inglaterra y otros / (Record no. 68550)

MARC details
000 -LEADER
campo de control de longitud fija 00969nam a22002295i 4500
001 - NÚMERO DE CONTROL
campo de control 68550
003 - IDENTIFICADOR DE NÚMERO DE CONTROL
campo de control ES-MaACL
005 - FECHA Y HORA DE LA ÚLTIMA TRANSACCIÓN
campo de control 20250906063050.0
007 - CAMPO FIJO DE DESCRIPCIÓN FÍSICA--INFORMACIÓN GENERAL
campo de control de longitud fija t|
008 - DATOS DE LONGITUD FIJA--INFORMACIÓN GENERAL
campo de control de longitud fija 960807s1880 sp ||||1| spa d
040 ## - FUENTE DE CATALOGACIÓN
Centro catalogador/agencia de origen CAM
Lengua de catalogación spa
Centro/agencia transcriptor CAM
100 1# - ENTRADA PRINCIPAL--NOMBRE DE PERSONA
Nombre de persona Garrido, Fernando,
Fechas asociadas al nombre 1821-1883
9 (RLIN) 55672
245 10 - MENCIÓN DEL TÍTULO
Título Viajes del chino Dagar-Li-Kao por los paises bárbaros de Europa, España, Francia, Inglaterra y otros /
Mención de responsabilidad, etc. traducido del chino al castellano por el Ermitaño de las Peñuelas.
260 ## - PUBLICACIÓN, DISTRIBUCIÓN, ETC.
Lugar de publicación, distribución, etc. Madrid :
Nombre del editor, distribuidor, etc. [s.n.],
Fecha de publicación, distribución, etc. 1880 (
Fabricante Manuel Minuesa de los Rios)
300 ## - DESCRIPCIÓN FÍSICA
Extensión 240 p. ;
Dimensiones 19 cm.
500 ## - NOTA GENERAL
Nota general En port.: parte primera.
530 ## - NOTA DISPONIBLE DE FORMULARIO FÍSICO ADICIONAL
Nota de formato físico adicional disponible Disponible también en sitio web.
594 ## - Nota al título y mención de responsabilidad
Nota al título y mención de responsabilidad El Ermitaño de Peñuelas es seudónimo de Fernando Garrido (1821-1883)
852 ## - LOCALIZACIÓN
Ubicación ES-MaACL
Número de control de estantería G-9189
856 ## - LOCALIZACIÓN Y ACCESO ELECTRÓNICOS
Identificador Uniforme de Recursos <a href="http://bibliotecadigitalhispanica.bne.es:80/webclient/DeliveryManager?pid=3177777&custom_att_2=simple_viewer">http://bibliotecadigitalhispanica.bne.es:80/webclient/DeliveryManager?pid=3177777&custom_att_2=simple_viewer</a>
Nota pública Ir a la página
Holdings
Estatus retirado Estado de pérdida Estado de daño No para préstamo Colección Biblioteca de origen Biblioteca actual Ubicación en estantería Fecha de adquisición Fuente de adquisición Total de préstamos Signatura topográfica completa Código de barras Visto por última vez Precio de reemplazo Tipo de ítem Koha
        Colección digital Biblioteca del Ateneo de Madrid Biblioteca del Ateneo de Madrid Sala Pecera Planta 3 17/01/2008     G-9189 1071762 23/02/2023 23/02/2023 Libro impreso antiguo